| Tag |
First Indicator |
Second Indicator |
Subfields |
| LEADER |
00000cam a2200000 a 4500 |
| 001 |
in00002596721 |
| 005 |
20151201150814.0 |
| 008 |
090511s2010 nyu b 001 0 eng |
| 010 |
|
|
|a 2009019401
|
| 020 |
|
|
|a 9780195328158 (hardback : alk. paper)
|
| 020 |
|
|
|a 0195328159 (hardback : alk. paper)
|
| 029 |
1 |
|
|a CDX
|b 10238530
|
| 035 |
|
|
|a (OCoLC)ocn335662331
|
| 035 |
|
|
|a (OCoLC)335662331
|
| 040 |
|
|
|a DLC
|c DLC
|d YDX
|d YDXCP
|d BWX
|d CDX
|d UtOrBLW
|
| 049 |
|
|
|a TXAM
|
| 050 |
0 |
0 |
|a BT741.3
|b .G53 2010
|
| 082 |
0 |
0 |
|a 233/.5
|2 22
|
| 100 |
1 |
|
|a Glancy, Jennifer A.
|
| 245 |
1 |
0 |
|a Corporal knowledge :
|b early Christian bodies /
|c Jennifer A. Glancy.
|
| 264 |
|
1 |
|a New York :
|b Oxford University Press,
|c 2010.
|
| 300 |
|
|
|a xi, 189 pages ;
|c 25 cm.
|
| 336 |
|
|
|a text
|b txt
|2 rdacontent
|
| 337 |
|
|
|a unmediated
|b n
|2 rdamedia
|
| 338 |
|
|
|a volume
|b nc
|2 rdacarrier
|
| 504 |
|
|
|a Includes bibliographical references and indexes.
|
| 505 |
0 |
|
|a What she knew in her body : an introduction -- Boasting of beatings (2 Corinthians 11:23-25) -- Embodying slavery from Paul to Augustine -- Mary in childbirth.
|
| 650 |
|
0 |
|a Human body
|x Religious aspects
|x Christianity.
|
| 938 |
|
|
|a YBP Library Services
|b YANK
|n 3112786
|
| 938 |
|
|
|a Blackwell Book Service
|b BBUS
|n R3839456
|c $45.00
|
| 938 |
|
|
|a Coutts Information Services
|b COUT
|n 10238530
|
| 945 |
|
|
|a PromptCat
|b 975571
|
| 946 |
|
|
|a stk
|
| 947 |
|
|
|a A14840298909
|
| 994 |
|
|
|a 92
|b TXA
|
| 948 |
|
|
|a Cataloged
|b h
|c 2010/5/28
|d c
|e ibarton
|
| 999 |
|
|
|a MARS
|
| 999 |
f |
f |
|s 348613de-75c1-3f90-bc1e-c071cb6ce668
|i 9b0af644-04ac-38c8-aeb5-735a4f90d048
|t 0
|
| 952 |
f |
f |
|p normal
|a Texas A&M University
|b College Station
|c Sterling C. Evans Library
|d Evans: Library Stacks
|t 0
|e BT741.3 .G53 2010
|h Library of Congress classification
|i unmediated -- volume
|m A14840298909
|
| 998 |
f |
f |
|a BT741.3 .G53 2010
|t 0
|l Evans: Library Stacks
|